Estudio de Opinión Pública Unimer RI - La Nación enero 2002: efectuada entre el 8 y el 11 de enero del 2002 /

Guardado en:
Bibliografiske detaljer
Hovedforfatter: Paniagua, Carlos G.
Institution som forfatter: Unimer Research International
Andre forfattere: García S, Cathalina
Format: Texto
Udgivet: San José: Unimer
Fag:
Tags: Tilføj Tag
Ingen Tags, Vær først til at tagge denne postø!

MARC

LEADER 00000 a a2200000 04500
001 27907
003
040
090 |a 186700  |b ENCUESTA  
100 |a Paniagua, Carlos G.  
110 |a Unimer Research International  
245 |a Estudio de Opinión Pública Unimer RI - La Nación enero 2002: efectuada entre el 8 y el 11 de enero del 2002 /  |c Carlos G. Paniagua  
260 |a San José:   |b Unimer  
300 |a s.p; 1 vol.   |b **no definido**   |b fonodiscos  
650 |a OPINION PUBLICA  
650 |a ENCUESTAS POR MUESTREO  
650 |a COMPORTAMIENTO POLITICO  
650 |a AFILIACION POLITICA  
650 |a SITUACIONES HIPOTETICAS  
650 |a GRAFICOS  
650 |a CUADROS ESTADISTICOS  
700 |a García S, Cathalina  
999 |c 2446  |d 2446